Central Library OPAC University of Rajshahi

গান / (Record no. 39044)

MARC details
000 -LEADER
fixed length control field 00757nam a2200229 a 4500
001 - CONTROL NUMBER
control field 39044
003 - CONTROL NUMBER IDENTIFIER
rucl marc code BD-RjUL
005 - DATE AND TIME OF LATEST TRANSACTION
control field 20211209052914.0
008 - FIXED-LENGTH DATA ELEMENTS--GENERAL INFORMATION
fixed length control field 160404s1997 bg ||||e |||| 000 0 ben d
020 ## - INTERNATIONAL STANDARD BOOK NUMBER
International Standard Book Number 9845520030:
Terms of availability TK.120.00
035 ## - SYSTEM CONTROL NUMBER
System control number (BD-RjUL)39155
040 ## - CATALOGING SOURCE
Original cataloging agency BD-RjUL
Language of cataloging ben
Modifying agency BD-RjUL
Transcribing agency BD-RjUL
041 ## - LANGUAGE CODE
Language code of text/sound track or separate title ben
082 ## - DEWEY DECIMAL CLASSIFICATION NUMBER
Edition number 23
Classification number 891.44104
Author mark and year FAG 1997.
100 ## - MAIN ENTRY--PERSONAL NAME
Personal name ফজল -এ- খোদা
9 (RLIN) 120520
245 10 - TITLE STATEMENT
Title গান /
Statement of responsibility, etc. ফজল -এ- খোদা
260 ## - PUBLICATION, DISTRIBUTION, ETC. (IMPRINT)
Place of publication, distribution, etc. ঢাকা :
Name of publisher, distributor, etc. বাংলাদেশ শিল্পকলা একাডেমী,
Date of publication, distribution, etc. ১৯৯৭
300 ## - PHYSICAL DESCRIPTION
Pagination ২৩৯(১) পৃ. ;
Size ২১ সেমি.
650 ## - SUBJECT ADDED ENTRY--TOPICAL TERM
Topical term or geographic name as entry element বাংলা গান
9 (RLIN) 120470
Topical term or geographic name as entry element Bengali song
9 (RLIN) 120521
942 ## - ADDED ENTRY ELEMENTS (KOHA)
Source of classification or shelving scheme Dewey Decimal Classification
Koha item type Books
Holdings
Lost status Source of classification or shelving scheme Damaged status Not for loan Collection code Permanent Location Current Location Shelving location Date acquired Source of acquisition Cost, normal purchase price Total Checkouts Full call number Date last seen Copy number Koha item type
  Dewey Decimal Classification   Not For Loan Fiction Central Library, University of Rajshahi Central Library, University of Rajshahi Reading Room 24/06/2013 Bangladesh Shilpakala, Dhaka 120.00   B 891.44104 FAG 1997. 04/04/2016 C-1 Books
  Dewey Decimal Classification     Fiction Central Library, University of Rajshahi Central Library, University of Rajshahi   24/06/2013 Bangladesh Shilpakala, Dhaka 120.00   B 891.44104 FAG 1997. 04/04/2016 C-2 Books
  Dewey Decimal Classification     Fiction Central Library, University of Rajshahi Central Library, University of Rajshahi   24/06/2013 Bangladesh Shilpakala, Dhaka 120.00   B 891.44104 FAG 1997. 04/04/2016 C-3 Books